Subway tokens in the sand / (Record no. 3896)

MARC details
000 -LEADER
fixed length control field 01284cam a2200349Ia 4500
001 - CONTROL NUMBER
control field 242637
003 - CONTROL NUMBER IDENTIFIER
control field GBCCL
005 - DATE AND TIME OF LATEST TRANSACTION
control field 20241126110506.0
008 - FIXED-LENGTH DATA ELEMENTS--GENERAL INFORMATION
fixed length control field 990517s1999 mnu j 000 1 eng d
020 ## - INTERNATIONAL STANDARD BOOK NUMBER
International Standard Book Number 0764220675 (pbk.) :
Terms of availability $5.99
020 ## - INTERNATIONAL STANDARD BOOK NUMBER
International Standard Book Number 9780764220678 (pbk.)
035 ## - SYSTEM CONTROL NUMBER
System control number (OCoLC)ocm41378526
035 ## - SYSTEM CONTROL NUMBER
System control number (OCoLC)41378526
040 ## - CATALOGING SOURCE
Original cataloging agency OCO
Transcribing agency OCO
Modifying agency SLC
-- BTCTA
-- CCE
-- O2H
-- TXEPL
049 ## -
-- LBBJ
050 #4 -
-- PZ7.N437746
-- Sub 1999x
082 04 - DEWEY DECIMAL CLASSIFICATION NUMBER
Classification number 813.54
Item number NEN
099 ## - LOCAL FREE-TEXT CALL NUMBER (OCLC)
Classification number N349u v.3
100 1# - MAIN ENTRY--PERSONAL NAME
Personal name Nentwig, Wendy Lee.
9 (RLIN) 5711
245 10 - TITLE STATEMENT
Title Subway tokens in the sand /
Statement of responsibility, etc. Wendy Lee Nentwig
260 ## - PUBLICATION, DISTRIBUTION, ETC.
Place of publication, distribution, etc. Minneapolis, Minn. :
Name of publisher, distributor, etc. Bethany House Publishers,
Date of publication, distribution, etc. c1999.
300 ## - PHYSICAL DESCRIPTION
Extent 157 p. ;
Dimensions 20 cm.
490 1# - SERIES STATEMENT
Series statement Unmistakably Cooper Ellis ;
Volume/sequential designation 03
520 ## - SUMMARY, ETC.
Summary, etc. Sixteen-year-old Cooper is dating one of the cutest, most interesting guys at her school, but now that she has a boyfriend, she's not so sure she likes it.
650 #0 - SUBJECT ADDED ENTRY--TOPICAL TERM
Topical term or geographic name entry element Models (Persons)
General subdivision Juvenile fiction.
9 (RLIN) 7656
650 #0 - SUBJECT ADDED ENTRY--TOPICAL TERM
Topical term or geographic name entry element Best friends
Form subdivision Juvenile fiction.
9 (RLIN) 5713
650 #0 - SUBJECT ADDED ENTRY--TOPICAL TERM
Topical term or geographic name entry element High school students
Form subdivision Juvenile fiction.
9 (RLIN) 7657
650 #0 - SUBJECT ADDED ENTRY--TOPICAL TERM
Topical term or geographic name entry element Christian fiction.
9 (RLIN) 4121
650 #0 - SUBJECT ADDED ENTRY--TOPICAL TERM
Topical term or geographic name entry element Models (Persons)
Form subdivision Fiction.
9 (RLIN) 5715
800 1# -
-- Nentwig, Wendy Lee.
-- Unmistakably Cooper Ellis ;
-- 03.
-- 7658
942 ## - ADDED ENTRY ELEMENTS (KOHA)
Source of classification or shelving scheme Dewey Decimal Classification
Koha item type Books
Koha issues (borrowed), all copies 1
Holdings
Withdrawn status Lost status Source of classification or shelving scheme Damaged status Not for loan Home library Current Library Shelving location Date acquired Total checkouts Full call number Barcode Date last seen Date last checked out Copy number Price effective from Koha item type
    Dewey Decimal Classification     GRACE BIBLE COLLEGE GRACE BIBLE COLLEGE General Studies 2017-12-15 1 813.54 NEN 009681 2025-05-01 2022-03-02 c.1 2017-12-15 Books
© Grace Bible College Library 2025